Experimental and Theoretical Study of Effects in Power Distribution Net

Podrobná bibliografia
Hlavní autori: Richter, A. (Autor), Košek, M. (Autor), Truhlář, M. (Autor)
Médium: Článok
Jazyk:angličtina
ISBN:9788096967247

MARC

LEADER 00000naa a2200000uu 4500
001 vtls010944241
003 SK-MaSNL
005 20260302121608.0
008 210902|2011 xo |||||||||||||||||eng|
015 |a SNBRA 
035 |a (urnnbn)urn:nbn:sk:snk:ar-a0beay 
035 |a (uuid)00b8cefa-759f-401d-b5bf-a90671bb8193 
035 |a urn:nbn:sk:snk-aau6id 
040 |a SNKBUCL  |b slo  |c SNKBUCL  |e AACR2 
041 0 |a eng 
044 |a xo  |c SK 
100 1 |a Richter, A.  |4 aut  |9 518782 
245 1 0 |a Experimental and Theoretical Study of Effects in Power Distribution Net  |c A. Richter, M. Košek, M. Truhlář 
700 1 |a Košek, M.  |4 aut  |9 776244 
700 1 |a Truhlář, M.  |4 aut  |9 803867 
773 0 |t Measurement 2011  |d Bratislava : Institute of Measurement Science, SAS, 2011  |g S. 170-173  |z 9788096967247 
958 |a OND 
958 |a article11 
958 |a chapter 
999 |c 1274591  |d 1276521